01005nam a2200253 a 4500008004100000020001500041050001500056100003900071245004500110250001200155260005200167300002200219350000900241500005300250650001600303650002800319650002200347700002000369856005700389856006500446995009300511999001700604952013000621120416s2003 ||||||||||||||||| || u a0750657316 aTA 190 Two aTwort, A. C. (Alan Charles), 1920-10aCivil engineering : project management / a4th ed. aOxford :bElsevier Butterworth Heinemannc2003. axii, 263p. : ill. a0.00 aPrevious ed.: London: Arnold, 1995. Bibliography aENGINEERING aENGINEERING--MANAGEMENT aCIVIL ENGINEERING aRees, J. Gordon uhttp://www.loc.gov/catdir/toc/els051/2004351726.html uhttp://www.loc.gov/catdir/description/els051/2004351726.html D0.00FCBU-MAIN LIBRARY (Kitwe)H1I24.95UAVAILABLEZMain Library Open Access Collection c37497d37497 00102lcc4070a001b001cMain Library Open Access Collectiond2022-11-30l0oTA 190 Twop48568r2022-11-30w2022-11-30y002